The resurrection fact. (Record no. 7591)

000 -LEADER
fixed length control field 00535nam a2200181 a 4500
001 - CONTROL NUMBER
control field :::00005352$&:&@@
003 - CONTROL NUMBER IDENTIFIER
control field OkBaRHE
005 - DATE AND TIME OF LATEST TRANSACTION
control field 20000607103325.0
008 - FIXED-LENGTH DATA ELEMENTS--GENERAL INFORMATION
fixed length control field s1932 j 000 0 eng u
040 ## - CATALOGING SOURCE
Transcribing agency
100 1# - MAIN ENTRY--PERSONAL NAME
Personal name Hayes, Doremus A.
245 14 - TITLE STATEMENT
Title The resurrection fact.
260 ## - PUBLICATION, DISTRIBUTION, ETC. (IMPRINT)
Place of publication, distribution, etc Nashville, TN., :
Name of publisher, distributor, etc Cokesbury Press
Date of publication, distribution, etc c1932
300 ## - PHYSICAL DESCRIPTION
Extent 355 p., ;
Dimensions 22 cm.
650 ## - SUBJECT ADDED ENTRY--TOPICAL TERM
Topical term or geographic name as entry element Jesus Christ
General subdivision Resurrection
942 ## - ADDED ENTRY ELEMENTS (KOHA)
Source of classification or shelving scheme
Koha item type Books
Copies
Damaged status Date last seen Withdrawn status Price effective from Source of classification or shelving scheme Shelving location Koha item type Copy number Date acquired Barcode Full call number Lost status Not for loan Permanent Location
 2010-04-14 2010-04-14 General StacksBooks12010-04-145352BT 481 .H3  RHEMA Bible Training College